• 首页
  • 本馆介绍
  • 公告通知
  • 最新文献
  • 馆藏检索
  • 电子资源
  • 读者导购
  • 参考咨询
  • 我的图书馆
  • 登录
  • 详细信息显示
  • 放入我的书架
  • 预约/预借图书
  • 作者相关作品
  • 分类相关作品
  • 丛书相关作品
  • 出版社相关作品

书目信息

  • 表格格式
  • 工作单格式
  • 卡片格式
题名:
教师招聘考试
    
 
作者: ;粉笔教师 编著
分册: 上册   结构化面试真题解析
出版信息: 北京   新华出版社  2017
页数: 2册(247;356页)
开本: 26cm
丛书名:
单 册:
中图分类: G451.1 , G451.1-44
科图分类:
主题词: 教师--招聘--考核--自学参考资料 , 教师--招聘--考核--题解
电子资源:
ISBN: 978-7-5166-3172-0
000 00826nam0 2200241 450
001 191
005 20180521102812.92
010    @a978-7-5166-3172-0@dCNY49.00
100    @a20170905d2017 em y0chiy50 ea
101 0  @achi
102    @aCN@b110000
105    @ay zq 000yy
200 1  @a教师招聘考试@9jiao shi zhao pin kao shi@h上册@i结构化面试真题解析@f粉笔教师编著
210    @a北京@c新华出版社@d2017
215    @a2册(247;356页)@d26cm
330    @a本书从教师招聘考试的考生需求和应考经验出发,包括自我认知与岗位匹配、综合分析、教育教学、人际关系、应急应变、组织管理六个模块。
606 0  @a教师@x招聘@x考核@j自学参考资料
606 0  @a教师@x招聘@x考核@j题解
690    @aG451.1@v5
690    @aG451.1-44@v5
711 02 @a粉笔教师@9fen bi jiao shi@4编著
801  0 @aCN@b91MARC@c20170905
905    @aMuseLib@dG451.1@e184:1
    
    教师招聘考试.上册.结构化面试真题解析/粉笔教师编著.-北京:新华出版社,2017
    2册(247;356页);26cm
    
    
    ISBN 978-7-5166-3172-0:CNY49.00
    本书从教师招聘考试的考生需求和应考经验出发,包括自我认知与岗位匹配、综合分析、教育教学、人际关系、应急应变、组织管理六个模块。
●
相关链接 在E读中查询图书 在五车中查询图书 在当当中查询图书 在豆瓣中查询图书


正题名:教师招聘考试     索取号:G451.1/184:1         预约/预借

序号 登录号 条形码 馆藏地/架位号 状态 备注
1 1101078   211010788   第一样本阅览室/ [索取号:G451.1/184:1] 在馆    
2 1101079   211010797   教育系资料室/ [索取号:G451.1/184:1] 在馆    
3 1101080   211010804   教育系资料室/ [索取号:G451.1/184:1] 在馆    
4 1101081   211010813   教育系资料室/ [索取号:G451.1/184:1] 在馆    
5 1101082   211010822   第四借阅区/ [索取号:G451.1/184:1] 在馆    
6 1101083   211010831   第四借阅区/ [索取号:G451.1/184:1] 在馆    
唐山师范学院图书馆 欢迎您!
大连网信软件有限公司© 版权所有